[Event "Liga Madrid 2009-2010 Division de Honor"]
[Site "Madrid ESP"]
[Date "2009.12.20"]
[Round "4.12"]
[White "De La Fuente Gonzalez, Francisco"]
[Black "Rubio Mejia, Luis Ignacio"]
[Result "0-1"]
[WhiteElo "2237"]
[BlackElo "2350"]
[PlyCount "54"]
[EventDate "2009.11.22"]
[EventType "team"]
[EventRounds "14"]
[EventCountry "ESP"]
[Source "lmi"]
[SourceDate "2009.11.22"]

1. c4 e5 2. g3 Nf6 3. Bg2 Nc6 4. Nc3 Bb4 5. Nf3 O-O 6. O-O e4 7. Ng5 Bxc3 8.
bxc3 Re8 9. f3 e3 10. d3 d5 11. cxd5 Nxd5 12. Ne4 f5 13. c4 Nde7 14. Nc3 f4 15.
gxf4 Nf5 16. Bb2 Re6 17. Ne4 Qh4 18. d4 Rh6 19. h3 Qxf4 20. d5 Nce7 21. Qa4 c6
22. dxc6 Nxc6 23. c5 Nh4 24. Qb3+ Kh8 25. Nd6 Rxd6 26. cxd6 Qg3 27. Qf7 Qxg2#
0-1

[Event "Liga Madrid 2009-2010 Division de Honor"]
[Site "Madrid ESP"]
[Date "2009.12.20"]
[Round "4.14"]
[White "Arauz Alonso, Fernando"]
[Black "Anton Guijarro, David"]
[Result "0-1"]
[WhiteElo "2140"]
[BlackElo "2300"]
[PlyCount "84"]
[EventDate "2009.11.22"]
[EventType "team"]
[EventRounds "14"]
[EventCountry "ESP"]
[Source "lmi"]
[SourceDate "2009.11.22"]

1. d4 Nf6 2. Nf3 d5 3. e3 Bg4 4. c4 e6 5. cxd5 exd5 6. Qb3 Qc8 7. Ne5 Bf5 8.
Bd2 Bd6 9. Bb4 O-O 10. Nc3 Bxb4 11. Qxb4 Re8 12. Qb3 c6 13. Rc1 Nbd7 14. Nf3
Nf8 15. Be2 Ng6 16. O-O Qd7 17. Na4 b6 18. Qc3 c5 19. b3 Ne4 20. Qb2 c4 21. Qa3
b5 22. Nc5 Qd6 23. b4 Reb8 24. Qb2 a5 25. a3 axb4 26. axb4 Ne7 27. Ra1 Nc6 28.
Nh4 Bc8 29. f3 Rxa1 30. Rxa1 Nxc5 31. dxc5 Qe7 32. g3 Qxe3+ 33. Kg2 d4 34. f4
c3 35. Qa2 Be6 36. Qa8 Qxe2+ 37. Kg1 Bd5 38. Qa3 c2 39. Qb2 d3 40. Rc1 d2 41.
Qxc2 Qe1+ 42. Rxe1 dxe1=Q# 0-1

[Event "Liga Madrid 2009-2010 Division de Honor"]
[Site "Madrid ESP"]
[Date "2009.12.20"]
[Round "4.15"]
[White "Perez De Aranda Alonso, Leonardo"]
[Black "Pablos Tenrero, Raquel"]
[Result "1-0"]
[WhiteElo "2216"]
[BlackElo "1859"]
[PlyCount "109"]
[EventDate "2009.11.22"]
[EventType "team"]
[EventRounds "14"]
[EventCountry "ESP"]
[Source "lmi"]
[SourceDate "2009.11.22"]

1. e4 e5 2. Nf3 Nc6 3. Bb5 a6 4. Ba4 Nf6 5. O-O Be7 6. Re1 b5 7. Bb3 d6 8. c3
O-O 9. a4 Bd7 10. d3 Na5 11. Bc2 c5 12. Nbd2 Re8 13. Nf1 h6 14. Ng3 Bf8 15. h3
g6 16. Nh2 Nc6 17. f4 exf4 18. Bxf4 b4 19. Nf3 Qc7 20. Qd2 Kh7 21. d4 bxc3 22.
bxc3 cxd4 23. cxd4 Qa5 24. Qf2 Rac8 25. Bb3 d5 26. e5 Ng8 27. Bd2 Bb4 28. Bxb4
Nxb4 29. Ng5+ hxg5 30. Qxf7+ Kh8 31. Qxd7 Qb6 32. Rad1 Red8 33. Qg4 Rc3 34. Rb1
a5 35. e6 Qd6 36. Ne2 Re3 37. Qxg5 Rxe6 38. Nf4 Rf6 39. Re5 Qb6 40. Qh4+ Kg7
41. Kh2 Qd6 42. Qg3 Ne7 43. Nh5+ Kh7 44. Nxf6+ Qxf6 45. Rbe1 Nf5 46. Qc3 Qd6
47. g4 Ng7 48. Qg3 Qb6 49. Re7 Qxd4 50. Qh4+ Kg8 51. Rxg7+ Kxg7 52. Qe7+ Kh6
53. g5+ Kh5 54. Qh7+ Kxg5 55. Rg1+ 1-0

[Event "Liga Madrid 2009-2010 Division de Honor"]
[Site "Madrid ESP"]
[Date "2009.12.20"]
[Round "4.16"]
[White "Aguado Rodriguez, Guillermo"]
[Black "Vazquez Torres, Adrian"]
[Result "0-1"]
[WhiteElo "1850"]
[BlackElo "2144"]
[PlyCount "68"]
[EventDate "2009.11.22"]
[EventType "team"]
[EventRounds "14"]
[EventCountry "ESP"]
[Source "lmi"]
[SourceDate "2009.11.22"]

1. e4 c5 2. d4 cxd4 3. c3 dxc3 4. Nxc3 Nc6 5. Nf3 d6 6. Bc4 e6 7. O-O Nf6 8. h3
Be7 9. Bf4 a6 10. Qe2 b5 11. Bb3 Bb7 12. Rfd1 Qc7 13. Rac1 e5 14. Bh2 O-O 15.
Nd5 Qd8 16. Nxe7+ Qxe7 17. Qd3 Rad8 18. Nd2 Nd4 19. f3 Rc8 20. Kh1 Nd7 21. Bg1
Rxc1 22. Rxc1 Nc5 23. Qf1 Qg5 24. Bxd4 exd4 25. f4 Qg6 26. f5 Qg3 27. Qe2 Nd3
28. Rf1 Qe3 29. Qg4 Qxd2 30. Qg3 Bxe4 31. f6 g6 32. h4 Qe3 33. Qxd6 Qh3+ 34.
Qh2 Bxg2+ 0-1

[Event "Liga Madrid 2009-2010 Division de Honor"]
[Site "Madrid ESP"]
[Date "2009.12.20"]
[Round "4.16"]
[White "Cobo Diego, Fidel"]
[Black "Paredes Sanchez, Juan"]
[Result "0-1"]
[WhiteElo "2082"]
[BlackElo "2200"]
[PlyCount "60"]
[EventDate "2009.11.22"]
[EventType "team"]
[EventRounds "14"]
[EventCountry "ESP"]
[Source "lmi"]
[SourceDate "2009.11.22"]

1. e4 c5 2. Nf3 e6 3. d4 cxd4 4. Nxd4 a6 5. Nc3 Qc7 6. g3 Bb4 7. Nde2 Nf6 8.
Bg2 O-O 9. O-O Be7 10. a4 Nc6 11. h3 Nb4 12. Bf4 d6 13. g4 e5 14. Be3 Be6 15.
g5 Nh5 16. f4 exf4 17. Nxf4 Nxf4 18. Bxf4 Rad8 19. Kh1 f6 20. h4 Qc5 21. Nd5
Bxd5 22. exd5 fxg5 23. hxg5 a5 24. c3 Qc4 25. Qg4 Nd3 26. Qe6+ Kh8 27. Qxe7
Nxf4 28. Qe4 Qxe4 29. Bxe4 Nh3 30. Bd3 Nf2+ 0-1

[Event "Liga Madrid 2009-2010 Division de Honor"]
[Site "Madrid ESP"]
[Date "2009.12.20"]
[Round "4.21"]
[White "Valles Moreno, Ivan"]
[Black "Serrano Salvador, Eduardo"]
[Result "1/2-1/2"]
[WhiteElo "2424"]
[BlackElo "2319"]
[PlyCount "81"]
[EventDate "2009.11.22"]
[EventType "team"]
[EventRounds "14"]
[EventCountry "ESP"]
[Source "lmi"]
[SourceDate "2009.11.22"]

1. d4 Nf6 2. c4 d6 3. Nc3 e5 4. Nf3 Nbd7 5. e4 c6 6. Be2 Be7 7. O-O O-O 8. Be3
a6 9. d5 cxd5 10. cxd5 Ne8 11. g3 g6 12. Nd2 Ng7 13. a4 Bg5 14. f4 Bh6 15. Nc4
Qe7 16. Qd2 f5 17. Bd3 fxe4 18. Bxe4 Nf5 19. Bxf5 Rxf5 20. Rae1 exf4 21. Bxf4
Bxf4 22. gxf4 Qf8 23. Ne4 Nf6 24. Ncxd6 Nxe4 25. Nxe4 Bd7 26. Qd4 Rd8 27. Ng3
Rf7 28. Re5 Bh3 29. Rf3 Rc8 30. Re1 Bg4 31. Rf2 Qg7 32. Qe5 Rcf8 33. Qxg7+ Kxg7
34. Re4 Rd8 35. Rd4 Rfd7 36. Rfd2 Bf3 37. d6 Kf6 38. Kf2 Bc6 39. Nf1 Ke6 40.
Re2+ Kf6 41. Red2 1/2-1/2

[Event "Liga Madrid 2009-2010 Division de Honor"]
[Site "Madrid ESP"]
[Date "2009.12.20"]
[Round "4.22"]
[White "Hernandez Gallardo, Francisco Javier"]
[Black "Sanchez Gonzalez, Sergio"]
[Result "1/2-1/2"]
[WhiteElo "2360"]
[BlackElo "2322"]
[PlyCount "89"]
[EventDate "2009.11.22"]
[EventType "team"]
[EventRounds "14"]
[EventCountry "ESP"]
[Source "lmi"]
[SourceDate "2009.11.22"]

1. e4 c5 2. Nf3 d6 3. d4 Nf6 4. Nc3 cxd4 5. Nxd4 e6 6. g4 h6 7. h4 a6 8. Bg2
Nc6 9. g5 hxg5 10. hxg5 Rxh1+ 11. Bxh1 Nd7 12. Be3 Nde5 13. Nf3 Nc4 14. Qe2
Nxe3 15. Qxe3 Bd7 16. O-O-O Qa5 17. g6 fxg6 18. Nh4 Qh5 19. Qg3 g5 20. Nf3 g4
21. Nh2 Ne5 22. Rg1 Be7 23. Nxg4 Qxg4 24. Qxg4 Nxg4 25. Rxg4 Bf6 26. e5 Bxe5
27. Bxb7 Ra7 28. Be4 d5 29. Bg6+ Ke7 30. Ne2 Ra8 31. Bd3 Bf6 32. Rb4 Ra7 33.
Rb6 a5 34. f3 Bg5+ 35. Kd1 Be3 36. Rb8 Rc7 37. Nc3 Rc8 38. Rb7 Kd6 39. a4 g5
40. Ke2 Bc6 41. Nb5+ Ke5 42. Rg7 Bxb5 43. axb5 Bf4 44. b6 Kf6 45. Rh7 1/2-1/2

[Event "Liga Madrid 2009-2010 Division de Honor"]
[Site "Madrid ESP"]
[Date "2009.12.20"]
[Round "4.23"]
[White "Perez Gonzalez, Jose Manuel"]
[Black "Fraga Castro, Jose Carlos"]
[Result "1/2-1/2"]
[WhiteElo "2332"]
[BlackElo "2220"]
[PlyCount "99"]
[EventDate "2009.11.22"]
[EventType "team"]
[EventRounds "14"]
[EventCountry "ESP"]
[Source "lmi"]
[SourceDate "2009.11.22"]

1. e4 d5 2. exd5 Qxd5 3. Nc3 Qa5 4. d4 Nf6 5. Nf3 Bf5 6. Bc4 e6 7. Bd2 Nbd7 8.
Qe2 c6 9. d5 cxd5 10. Nxd5 Qd8 11. Nxf6+ Qxf6 12. Bc3 Bb4 13. Bxb4 Qxb2 14. O-O
Qxb4 15. Rab1 Qc3 16. Rxb7 Nb6 17. Bb5+ Kf8 18. Ng5 Bg6 19. Bd3 Qc6 20. Bxg6
Qxb7 21. Be4 Qe7 22. Bxa8 Qxg5 23. Qa6 Qe7 24. Bb7 g6 25. Qxa7 Qc5 26. Rb1 Nd7
27. Qa4 Qd6 28. Bf3 Ne5 29. Be2 Kg7 30. f4 Nc6 31. Rd1 Qc5+ 32. Kh1 Rc8 33. h3
Ne7 34. Bf3 Nf5 35. Kh2 h5 36. Be4 Nd6 37. Bd3 Rb8 38. Qd7 Qd4 39. Kh1 Qxf4 40.
a4 g5 41. Rf1 Qe5 42. a5 g4 43. Qa4 f5 44. a6 Kf6 45. Qc6 Rc8 46. Qa4 Qg3 47.
Qd4+ Qe5 48. Qa4 Qg3 49. Qd4+ Qe5 50. Qa4 1/2-1/2

[Event "Liga Madrid 2009-2010 Division de Honor"]
[Site "Madrid ESP"]
[Date "2009.12.20"]
[Round "4.24"]
[White "Ramirez Garcia, Jorge Alberto"]
[Black "Vallejo Diaz, Javier"]
[Result "1/2-1/2"]
[WhiteElo "2175"]
[BlackElo "2310"]
[PlyCount "100"]
[EventDate "2009.11.22"]
[EventType "team"]
[EventRounds "14"]
[EventCountry "ESP"]
[Source "lmi"]
[SourceDate "2009.11.22"]

1. e4 d5 2. exd5 Qxd5 3. Nc3 Qa5 4. d4 c6 5. Bc4 Nf6 6. Bd2 Qd8 7. Nf3 Bf5 8.
Ne5 e6 9. Bg5 h6 10. g4 Bh7 11. Qe2 Bg8 12. Be3 Nbd7 13. O-O-O Qc7 14. f4 O-O-O
15. h4 Nb6 16. Bd3 Nfd5 17. Nxd5 Nxd5 18. Kb1 Qb6 19. Bd2 Bb4 20. Qf2 Be7 21.
c4 Nb4 22. Bxb4 Qxb4 23. Be4 Qb6 24. Rh3 Qc7 25. Rb3 Bd6 26. Qc2 g5 27. Qf2
gxf4 28. Rf1 Bh7 29. Bxh7 Rxh7 30. Qxf4 Rg7 31. Rbf3 Rdg8 32. Qxh6 Bxe5 33.
dxe5 Rxg4 34. Qh5 Rxc4 35. Rxf7 Qd8 36. Qh7 Rh8 37. Qg6 Re8 38. R7f6 Rd4 39.
Rc1 Qd7 40. h5 Re7 41. h6 Rd1 42. a3 Qd5 43. Qg5 Qe4+ 44. Ka1 Rxc1+ 45. Qxc1
Qxe5 46. Qf1 Qh5 47. Rf8+ Kc7 48. Qf4+ e5 49. Qf6 Qd1+ 50. Ka2 Qd5+ 1/2-1/2

[Event "Liga Madrid 2009-2010 Division de Honor"]
[Site "Madrid ESP"]
[Date "2009.12.20"]
[Round "4.25"]
[White "Vallejo Diaz, Jesus"]
[Black "Mansilla Tolosa, Luis"]
[Result "1/2-1/2"]
[WhiteElo "2277"]
[BlackElo "2099"]
[PlyCount "104"]
[EventDate "2009.11.22"]
[EventType "team"]
[EventRounds "14"]
[EventCountry "ESP"]
[Source "lmi"]
[SourceDate "2009.11.22"]

1. e4 c5 2. Nf3 d6 3. c3 Nf6 4. h3 Nc6 5. Bd3 g6 6. O-O Bg7 7. Bc2 O-O 8. d4
cxd4 9. cxd4 Bd7 10. Nc3 a6 11. Re1 e5 12. Be3 exd4 13. Nxd4 Nxd4 14. Bxd4 Bc6
15. Bb3 Re8 16. Qd3 Qe7 17. Rad1 Rad8 18. Re3 b5 19. Rde1 b4 20. Nd5 Bxd5 21.
Bxd5 Nxd5 22. exd5 Qd7 23. Bxg7 Kxg7 24. Qd4+ Kg8 25. Qxb4 Rxe3 26. Rxe3 Qf5
27. Qb6 Rc8 28. Qxd6 Rc1+ 29. Kh2 Qxf2 30. Re8+ Kg7 31. Qf8+ Kf6 32. Qe7+ Kg7
33. Qe5+ f6 34. Re7+ Kh6 35. Qe3+ Qxe3 36. Rxe3 Rc2 37. Rb3 Rd2 38. Rb6 a5 39.
Rb5 a4 40. a3 Kg5 41. Rb4 Kf5 42. Rxa4 Rxb2 43. Rd4 Ke5 44. Rd3 Rb6 45. Kg3 Rd6
46. Kf3 h5 47. g3 g5 48. Re3+ Kd4 49. Re1 Ra6 50. d6 Rxa3+ 51. Kf2 Kc5 52. Re6
Rd3 1/2-1/2

[Event "Liga Madrid 2009-2010 Division de Honor"]
[Site "Madrid ESP"]
[Date "2009.12.20"]
[Round "4.31"]
[White "Cao Armillas, Jesus"]
[Black "Gallego Jimenez, Victoriano"]
[Result "0-1"]
[WhiteElo "2205"]
[BlackElo "2421"]
[PlyCount "62"]
[EventDate "2009.11.22"]
[EventType "team"]
[EventRounds "14"]
[EventCountry "ESP"]
[Source "lmi"]
[SourceDate "2009.11.22"]

1. d4 d5 2. c4 Nc6 3. Nf3 Bg4 4. Qa4 Bxf3 5. exf3 e6 6. Nc3 a6 7. c5 g6 8. Bf4
Bg7 9. O-O-O Nge7 10. g4 O-O 11. Bg3 b5 12. cxb6 cxb6 13. Ne2 b5 14. Qa3 b4 15.
Qa4 Qb6 16. Bd6 Nxd4 17. Qxb4 Nxe2+ 18. Bxe2 Rfc8+ 19. Kb1 Qxb4 20. Bxb4 Rcb8
21. Ba3 Nc6 22. Rd3 Nd4 23. Re1 a5 24. Bd1 Nb5 25. Kc1 Nxa3 26. bxa3 Bh6+ 27.
Kc2 Rc8+ 28. Rc3 Bg7 29. Rxc8+ Rxc8+ 30. Kb3 Rc4 31. a4 Rc3+ 0-1

[Event "Liga Madrid 2009-2010 Division de Honor"]
[Site "Madrid ESP"]
[Date "2009.12.20"]
[Round "4.32"]
[White "Rojo Huerta, Gabriel"]
[Black "Cepeda Delgado, Camilo Jose"]
[Result "1-0"]
[WhiteElo "2374"]
[BlackElo "2141"]
[PlyCount "123"]
[EventDate "2009.11.22"]
[EventType "team"]
[EventRounds "14"]
[EventCountry "ESP"]
[Source "lmi"]
[SourceDate "2009.11.22"]

1. d4 e6 2. c4 b6 3. a3 Bb7 4. Nc3 f5 5. d5 Nf6 6. g3 Be7 7. Bg2 O-O 8. Nf3 Ne4
9. Bd2 Bf6 10. Rc1 Na6 11. b4 Nxc3 12. Bxc3 Bxc3+ 13. Rxc3 Qf6 14. Qd4 Rae8 15.
Qxf6 Rxf6 16. Nd4 e5 17. Nb5 c6 18. dxc6 dxc6 19. Nxa7 e4 20. b5 Nc5 21. O-O
Ra8 22. Nxc6 Bxc6 23. bxc6 Rxc6 24. f3 Ra4 25. fxe4 Nxe4 26. Rxf5 Nxc3 27. Bxc6
Rxc4 28. Bb5 Nxb5 29. Rxb5 Rc6 30. Rf5 Rc2 31. Kf2 Ra2 32. Rf3 g5 33. Rb3 Kf7
34. Kf3 h5 35. h3 b5 36. h4 gxh4 37. gxh4 Kg6 38. Rd3 Rb2 39. Rd6+ Kg7 40. Rb6
Rb3+ 41. Kf4 Rxa3 42. Rxb5 Kg6 43. e4 Ra1 44. Rb6+ Kg7 45. Kf5 Rf1+ 46. Kg5
Rg1+ 47. Kxh5 Re1 48. Rg6+ Kf7 49. Rg4 Kf6 50. Kh6 Re2 51. h5 Re1 52. Kh7 Ra1
53. h6 Ra7+ 54. Kh8 Ra8+ 55. Rg8 Ra4 56. Rf8+ Ke7 57. Kg8 Rxe4 58. Rf7+ Ke8 59.
h7 Rh4 60. Rf8+ Ke7 61. Rf7+ Ke8 62. Rg7 1-0

[Event "Liga Madrid 2009-2010 Division de Honor"]
[Site "Madrid ESP"]
[Date "2009.12.20"]
[Round "4.33"]
[White "Lorite Cruz, Francisco"]
[Black "Navarro Nicolas, Victor Manuel"]
[Result "1-0"]
[WhiteElo "2073"]
[BlackElo "2228"]
[PlyCount "89"]
[EventDate "2009.11.22"]
[EventType "team"]
[EventRounds "14"]
[EventCountry "ESP"]
[Source "lmi"]
[SourceDate "2009.11.22"]

1. e4 e6 2. d4 d5 3. exd5 exd5 4. Bd3 Nc6 5. c3 Bd6 6. Qf3 Be6 7. Bf4 Nge7 8.
Ne2 Ng6 9. Bxd6 Qxd6 10. Qg3 O-O-O 11. Na3 Qxg3 12. hxg3 Rde8 13. Kd2 Nce7 14.
Nc2 Bf5 15. Ne3 Bxd3 16. Kxd3 Kd7 17. Rh5 c6 18. c4 dxc4+ 19. Nxc4 Nd5 20. Rf5
f6 21. Nc3 Nge7 22. Rf3 Nxc3 23. bxc3 Nd5 24. Rb1 b6 25. Nd2 Re7 26. c4 Nc7 27.
a4 Rhe8 28. Re3 Rxe3+ 29. fxe3 f5 30. Rh1 h6 31. Rf1 Ke6 32. Nf3 g5 33. Rh1 Rh8
34. Nxg5+ Kf6 35. Nf3 a6 36. Ne5 c5 37. Rb1 cxd4 38. exd4 b5 39. axb5 axb5 40.
cxb5 Ke6 41. b6 Na6 42. b7 Rg8 43. Rb6+ Kd5 44. Rxa6 Rxg3+ 45. Nf3 1-0

[Event "Liga Madrid 2009-2010 Division de Honor"]
[Site "Madrid ESP"]
[Date "2009.12.20"]
[Round "4.34"]
[White "Blanco Sanjuan, Jorge"]
[Black "San Juan Rodriguez, Miguel"]
[Result "0-1"]
[WhiteElo "2129"]
[BlackElo "2073"]
[PlyCount "72"]
[EventDate "2009.11.22"]
[EventType "team"]
[EventRounds "14"]
[EventCountry "ESP"]
[Source "lmi"]
[SourceDate "2009.11.22"]

1. d4 d5 2. Nf3 Nc6 3. Bf4 Nf6 4. e3 e6 5. Bb5 Bd6 6. O-O O-O 7. Nbd2 a6 8. Bd3
Nb4 9. Nb3 Nxd3 10. Qxd3 Be7 11. Rac1 Nh5 12. Be5 f6 13. Bg3 Nxg3 14. hxg3 Kh8
15. c4 Bd7 16. cxd5 Bb5 17. Qc2 Bxf1 18. Kxf1 exd5 19. Qxc7 Rc8 20. Qxb7 Rxc1+
21. Nxc1 Qd6 22. Nd3 Rb8 23. Qa7 Bd8 24. Qf7 g5 25. Nc5 Qe7 26. Qxd5 Rxb2 27.
Ne6 Rb8 28. Nd2 Ba5 29. Nb3 Bb4 30. Qe4 Qe8 31. g4 Qg6 32. Qd5 Qb1+ 33. Ke2
Qxa2+ 34. Kf1 Be7 35. g3 Qxb3 36. Qd7 Qb1+ 0-1

[Event "Liga Madrid 2009-2010 Division de Honor"]
[Site "Madrid ESP"]
[Date "2009.12.20"]
[Round "4.35"]
[White "Gordillo Lopez, Manuel"]
[Black "Barez Menendez, Hector"]
[Result "0-1"]
[WhiteElo "2030"]
[BlackElo "2144"]
[PlyCount "144"]
[EventDate "2009.11.22"]
[EventType "team"]
[EventRounds "14"]
[EventCountry "ESP"]
[Source "lmi"]
[SourceDate "2009.11.22"]

1. d4 d5 2. Bg5 h6 3. Bh4 c6 4. Nf3 Qb6 5. b3 Bf5 6. e3 Nd7 7. Bd3 Bxd3 8. Qxd3
e6 9. O-O Be7 10. Bxe7 Nxe7 11. c4 Qa6 12. Nbd2 O-O 13. Rfc1 c5 14. dxc5 Nxc5
15. Qd4 b6 16. Qh4 Ng6 17. Qg4 Nd3 18. Rd1 Rfd8 19. cxd5 Rxd5 20. e4 Rd7 21.
Nc4 Rad8 22. Rf1 b5 23. Ne3 Qc6 24. a4 a6 25. axb5 axb5 26. Ra5 Nc5 27. b4 Nxe4
28. Qh5 Nc3 29. Ne5 Nxe5 30. Qxe5 Nd5 31. h3 Nxe3 32. Qxe3 Rd4 33. Rc1 Rd1+ 34.
Rxd1 Rxd1+ 35. Kh2 Qd6+ 36. Qg3 Qxg3+ 37. Kxg3 Rd5 38. Ra8+ Kh7 39. Rb8 Kg6 40.
Rb6 Kf5 41. Rb7 Kf6 42. Kf3 g5 43. g4 Kg6 44. Kg3 f5 45. gxf5+ exf5 46. Rb6+
Kh5 47. Rc6 Rd4 48. Rc5 f4+ 49. Kg2 Rxb4 50. Rc6 Rb3 51. Rb6 b4 52. Kh2 Rb2 53.
Kg2 Rb1 54. Kh2 g4 55. hxg4+ Kxg4 56. Kg2 h5 57. Rb5 Rb2 58. Rb8 b3 59. Rg8+
Kf5 60. Kf3 Rc2 61. Rb8 Rc3+ 62. Kg2 h4 63. Rb4 h3+ 64. Kh2 Kg4 65. Kg1 Kf3 66.
Rb8 h2+ 67. Kxh2 Kxf2 68. Rd8 Rc2 69. Rb8 b2 70. Kh3 f3 71. Rb3 Ke2 72. Kg3 f2
0-1

[Event "Liga Madrid 2009-2010 Division de Honor"]
[Site "Madrid ESP"]
[Date "2009.12.20"]
[Round "4.36"]
[White "Gemy Vargas, Daniel"]
[Black "Tipter, Napoleon"]
[Result "1-0"]
[WhiteElo "2169"]
[BlackElo "2048"]
[PlyCount "49"]
[EventDate "2009.11.22"]
[EventType "team"]
[EventRounds "14"]
[EventCountry "ESP"]
[Source "lmi"]
[SourceDate "2009.11.22"]

1. d4 Nf6 2. Nf3 g6 3. g3 Bg7 4. Bg2 O-O 5. O-O d6 6. b3 Nbd7 7. Bb2 c5 8. Nbd2
Re8 9. e4 e5 10. dxe5 Nxe5 11. Nxe5 dxe5 12. Nc4 Qc7 13. Qd6 Qxd6 14. Nxd6 Re7
15. Rad1 Bd7 16. Nxb7 Bb5 17. c4 Bxc4 18. bxc4 Rxb7 19. Bxe5 Rd7 20. Bxf6 Rxd1
21. Rxd1 Bxf6 22. e5 Rd8 23. Bd5 Be7 24. Rb1 Rd7 25. e6 1-0

[Event "Liga Madrid 2009-2010 Division de Honor"]
[Site "Madrid ESP"]
[Date "2009.12.20"]
[Round "4.41"]
[White "Garcia Pichon, Eduardo"]
[Black "Arribas Lopez, Angel"]
[Result "1-0"]
[WhiteElo "2282"]
[BlackElo "2481"]
[PlyCount "45"]
[EventDate "2009.11.22"]
[EventType "team"]
[EventRounds "14"]
[EventCountry "ESP"]
[Source "lmi"]
[SourceDate "2009.11.22"]

1. e4 c5 2. Nf3 d6 3. c3 Nf6 4. h3 Nc6 5. d4 cxd4 6. cxd4 Nxe4 7. d5 Qa5+ 8.
Nc3 Nxc3 9. bxc3 Ne5 10. Nxe5 Qxc3+ 11. Bd2 Qxe5+ 12. Be2 Bd7 13. O-O Qxd5 14.
Bf3 Qd4 15. Rb1 d5 16. Rb4 Qc5 17. Rxb7 e6 18. Qb1 Rd8 19. Rc1 Qa3 20. Rxd7
Qxc1+ 21. Bxc1 Rxd7 22. Be2 Ke7 23. Qb4+ 1-0

[Event "Liga Madrid 2009-2010 Division de Honor"]
[Site "Madrid ESP"]
[Date "2009.12.20"]
[Round "4.42"]
[White "Gallardo Garcia, Andres"]
[Black "Salcedo Tornero, Pablo"]
[Result "0-1"]
[WhiteElo "2418"]
[BlackElo "2184"]
[PlyCount "46"]
[EventDate "2009.11.22"]
[EventType "team"]
[EventRounds "14"]
[EventCountry "ESP"]
[Source "lmi"]
[SourceDate "2009.11.22"]

1. d4 d5 2. Nf3 Nf6 3. g3 Bf5 4. Bg2 e6 5. Nh4 Be4 6. f3 Bg6 7. Nxg6 hxg6 8. e4
c6 9. O-O Qb6 10. exd5 cxd5 11. c3 Bd6 12. Qb3 Qc7 13. f4 Ng4 14. Re1 Nxh2 15.
Bxd5 Nc6 16. Nd2 O-O-O 17. Bg2 Bxf4 18. gxf4 Qxf4 19. Qc4 Rd5 20. Qe2 Rf5 21.
Ne4 Qc7 22. Be3 Ng4 23. Bf2 Rh1+ 0-1

[Event "Liga Madrid 2009-2010 Division de Honor"]
[Site "Madrid ESP"]
[Date "2009.12.20"]
[Round "4.43"]
[White "Piña Sierra, Julia"]
[Black "Candela Perez, Jose"]
[Result "0-1"]
[WhiteElo "2061"]
[BlackElo "2416"]
[PlyCount "76"]
[EventDate "2009.11.22"]
[EventType "team"]
[EventRounds "14"]
[EventCountry "ESP"]
[Source "lmi"]
[SourceDate "2009.11.22"]

1. e4 c5 2. Nf3 d6 3. Nc3 Nf6 4. d4 cxd4 5. Nxd4 a6 6. Bg5 e6 7. f3 Be7 8. Qd2
b5 9. O-O-O b4 10. Nce2 Qb6 11. Kb1 Nbd7 12. g4 Bb7 13. Be3 Nc5 14. Nc1 O-O 15.
Nd3 a5 16. h4 Nfd7 17. g5 Ne5 18. Nxe5 dxe5 19. Nb3 Rfd8 20. Bd3 a4 21. Nxc5
Bxc5 22. Bxc5 Qxc5 23. h5 Rd7 24. g6 fxg6 25. hxg6 h6 26. Qg2 a3 27. Be2 Rc8
28. Bd3 Qd4 29. c3 bxc3 30. Bc2 Qb4 31. b3 Rd2 32. Qg4 Qd6 33. Qg1 Ba6 34. Qa7
Rf8 35. Qe3 Qd4 36. Rhe1 Rd8 37. Qxd4 exd4 38. Rxd2 cxd2 0-1

[Event "Liga Madrid 2009-2010 Division de Honor"]
[Site "Madrid ESP"]
[Date "2009.12.20"]
[Round "4.44"]
[White "Prieto Martin, Alfonso"]
[Black "De La Rosa Bretin, Adrian"]
[Result "1-0"]
[WhiteElo "2212"]
[BlackElo "1795"]
[PlyCount "65"]
[EventDate "2009.11.22"]
[EventType "team"]
[EventRounds "14"]
[EventCountry "ESP"]
[Source "lmi"]
[SourceDate "2009.11.22"]

1. e4 e5 2. Nf3 Nf6 3. d4 Nxe4 4. Bd3 d5 5. dxe5 Be7 6. O-O O-O 7. c4 c6 8. Qc2
f5 9. Nc3 Be6 10. Nd4 Bf7 11. Nxf5 Nxc3 12. Qxc3 Bg6 13. Nxe7+ Qxe7 14. Bxg6
hxg6 15. cxd5 cxd5 16. Be3 Qe6 17. Rfd1 Nc6 18. Qb3 Rad8 19. Rac1 Nxe5 20. Qxb7
Nc4 21. Bd4 Rd7 22. Qb5 Nd6 23. Qa6 Re8 24. f3 Qf7 25. Bf2 Nf5 26. Rc5 d4 27.
Qc4 Qxc4 28. Rxc4 Re2 29. g4 Ne7 30. Rcxd4 Rc7 31. R4d2 Rc2 32. Rxe2 Rxe2 33.
Re1 1-0

[Event "Liga Madrid 2009-2010 Division de Honor"]
[Site "Madrid ESP"]
[Date "2010.01.10"]
[Round "5.11"]
[White "Arribas Lopez, Angel"]
[Black "Almagro Llamas, Pablo"]
[Result "0-1"]
[WhiteElo "2481"]
[BlackElo "2453"]
[PlyCount "78"]
[EventDate "2009.11.22"]
[EventType "team"]
[EventRounds "14"]
[EventCountry "ESP"]
[Source "lmi"]
[SourceDate "2009.11.22"]

1. e4 c6 2. d4 d5 3. e5 Bf5 4. Nc3 e6 5. g4 Bg6 6. Nge2 f6 7. h4 fxe5 8. dxe5
Nd7 9. f4 Qb6 10. h5 Bf7 11. Qd3 O-O-O 12. a4 a6 13. g5 Bb4 14. Bd2 Ne7 15. Bh3
Kb8 16. Bg4 g6 17. h6 c5 18. Qh3 Nf5 19. Nd1 Bxd2+ 20. Kxd2 d4 21. a5 Qc7 22.
Kc1 c4 23. Nf2 Nc5 24. Kb1 d3 25. cxd3 Nxd3 26. Ne4 Be8 27. Rf1 Bc6 28. Bxf5
exf5 29. Nd6 Rxd6 30. exd6 Qxd6 31. Nc3 Re8 32. Qh2 Nb4 33. Rd1 Be4+ 34. Kc1
Nd3+ 35. Kc2 Qb4 36. Rab1 Nf2+ 37. Nxe4 Qb3+ 38. Kd2 Qd3+ 39. Ke1 Nxd1 0-1

[Event "Liga Madrid 2009-2010 Division de Honor"]
[Site "Madrid ESP"]
[Date "2010.01.10"]
[Round "5.12"]
[White "Rabadan Velasco, Raul"]
[Black "Gallardo Garcia, Andres"]
[Result "1-0"]
[WhiteElo "2334"]
[BlackElo "2418"]
[PlyCount "62"]
[EventDate "2009.11.22"]
[EventType "team"]
[EventRounds "14"]
[EventCountry "ESP"]
[Source "lmi"]
[SourceDate "2009.11.22"]

1. e4 c5 2. Nc3 Nc6 3. f4 g6 4. Nf3 Bg7 5. Bc4 e6 6. f5 Nge7 7. fxe6 fxe6 8. a3
O-O 9. d3 Nd4 10. O-O Nec6 11. Be3 b6 12. Qd2 Nxf3+ 13. Rxf3 Rxf3 14. gxf3 Ne5
15. Rf1 Qh4 16. Ba2 Ba6 17. Qf2 Qh5 18. Nd5 Rf8 19. Nf4 Qg5+ 20. Qg2 Qf6 21. b4
Bh6 22. Nd5 Bxe3+ 23. Nxe3 Nxf3+ 24. Kh1 Qf4 25. Nf5 Kh8 26. Rxf3 Qc1+ 27. Rf1
Qb2 28. Ne3 Rxf1+ 29. Qxf1 Kg7 30. Bb3 Qxa3 31. bxc5 Qxc5 1-0